000 00608cab a2200217 4500
001 ABS39020
008 090401t1988 xxu||||| |||| 00| 0 eng d
035 _a(Sirsi) u13835
041 _aeng
100 _aBecker, F.
245 _aORBIT 2:1 rating process
260 _c1988
350 _a0
490 _aFacilities
_v6(3) March 1988, 5-7(3)
520 _aDescribes ORBIT 2-1 , the building appraisal scheme including its rating process software.
650 _aCOMPUTERS
650 _aOCCUPIERS REQUIREMENTS
690 _aBUILT ENVIRONMENT-CONSTRUCTION DESIGN
942 _n0
948 _c04/03/1997
999 _c8928
_d8928